| Tag |
First Indicator |
Second Indicator |
Subfields |
| LEADER |
00000cam a22000001a 4500 |
| 001 |
in00003134913 |
| 005 |
20190403172459.0 |
| 006 |
m o d |
| 007 |
cr un mmmapmmp |
| 008 |
080123s1941 dcu o f000 0 eng d |
| 035 |
|
|
|a cis2004212049
|
| 040 |
|
|
|a UMI
|c UMI
|d UtOrBLW
|
| 043 |
|
|
|a n-us---
|
| 099 |
|
|
|a ProQuest Serial Set Number 10558 H.rp.1492
|
| 110 |
1 |
|
|a United States.
|b Congress.
|b House.
|
| 245 |
1 |
0 |
|a Authorizing the appropriation of an additional $150,000,000 to carry out the provisions of title II of the act entitled "An act to expedite the provision of housing in connection with national defense, and for other purposes," approved October 14, 1940, as amended.
|
| 246 |
1 |
|
|a Additional appropriation for defense housing
|
| 264 |
|
1 |
|a Washington :
|b [publisher not identified],
|c 1941.
|
| 300 |
|
|
|a 1 online resource.
|
| 336 |
|
|
|a text
|b txt
|2 rdacontent
|
| 337 |
|
|
|a computer
|b c
|2 rdamedia
|
| 338 |
|
|
|a online resource
|b cr
|2 rdacarrier
|
| 490 |
0 |
|
|a H.rp.1492
|
| 500 |
|
|
|a Record is based on bibliographic data in ProQuest U.S. Serial Set Digital Collection (last viewed Jan. 2008). Reuse except for individual research requires license from ProQuest, LLC.
|
| 510 |
3 |
|
|a ProQuest U.S. Serial Set Digital Collection
|
| 500 |
|
|
|a Electronic resource.
|
| 650 |
|
0 |
|a Armed Forces
|x Appropriations and expenditures.
|
| 650 |
|
0 |
|a Housing.
|
| 655 |
|
7 |
|a Electronic books.
|2 local
|
| 710 |
2 |
|
|a ProQuest (Firm)
|
| 710 |
1 |
|
|a United States.
|b Congress.
|b House.
|b Committee on Public Buildings and Grounds.
|
| 830 |
|
0 |
|a United States congressional serial set.
|
| 856 |
4 |
0 |
|u http://proxy.library.tamu.edu/login?url=http://congressional.proquest.com/congcomp/getdoc?SERIAL-SET-ID=10558+H.rp.1492
|z Connect to the full text of this electronic book
|t 0
|
| 999 |
|
|
|a MARS
|
| 999 |
f |
f |
|s d1dfd9ee-bf76-3318-93ce-d8b73fc23e30
|i 5223f320-85ab-34aa-b8a4-5c412ed236f3
|t 0
|
| 952 |
f |
f |
|a Texas A&M University
|b College Station
|c Electronic Resources
|d Available Online
|t 0
|e ProQuest Serial Set Number 10558 H.rp.1492
|h Other scheme
|
| 998 |
f |
f |
|a ProQuest Serial Set Number 10558 H.rp.1492
|t 0
|l Available Online
|